| 000 | 00836nam a22001577a 4500 | ||
|---|---|---|---|
| 003 | OSt | ||
| 005 | 20151008165249.0 | ||
| 008 | 151008b xxu||||| |||| 00| 0 eng d | ||
| 040 | _cRUA | ||
| 082 | _aAVM SUO 2008 B084 Or.1 | ||
| 100 |
_92400 _aSUO SINOEUN |
||
| 245 | _aEffect of wtheat bran utilizertion as feed concentration on growth starter performance of piglets at tang hang ly farm, kandal province, (ឥទ្ធិពលនៃការប្រើប្រាស់កន្ទក់ស្រូវសាឡីក្នុងចំណីផ្សំលើការលូតលាស់កូនជ្រូកវគ្គដំបូងនៅកសិដ្ឋាន តំាង ហំាងលី ខេត្តកណ្ដាល) | ||
| 260 |
_aphnom penh _brua _c2008 |
||
| 300 |
_ax, 46p. _bill. _c29cm. |
||
| 942 |
_2ddc _cAVM |
||
| 999 |
_c2260 _d2260 |
||